|
|
|
|
| LEADER |
02194nam a22003974a 4500 |
| 001 |
EBC294000 |
| 003 |
MiAaPQ |
| 005 |
20200520144314.0 |
| 006 |
m o d | |
| 007 |
cr cn||||||||| |
| 008 |
020219s2002 ne a sb 001 0 eng |
| 010 |
|
|
|z 2002102528
|
| 020 |
|
|
|z 0124713513 (alk. paper)
|
| 035 |
|
|
|a (MiAaPQ)EBC294000
|
| 035 |
|
|
|a (Au-PeEL)EBL294000
|
| 035 |
|
|
|a (CaPaEBR)ebr10186462
|
| 035 |
|
|
|a (CaONFJC)MIL105270
|
| 035 |
|
|
|a (OCoLC)171131421
|
| 040 |
|
|
|a MiAaPQ
|c MiAaPQ
|d MiAaPQ
|
| 050 |
|
4 |
|a HF5389
|b .M37 2002
|
| 082 |
0 |
4 |
|a 658.4/092
|2 21
|
| 100 |
1 |
|
|a Margulis, Alexander R.
|
| 245 |
1 |
0 |
|a Be in charge
|h [electronic resource] :
|b a leadership manual : how to stay on top /
|c Alexander R. Margulis.
|
| 246 |
3 |
0 |
|a How to stay on top
|
| 260 |
|
|
|a Amsterdam ;
|a Boston :
|b Academic Press,
|c c2002.
|
| 300 |
|
|
|a xiii, 118 p. :
|b ill.
|
| 504 |
|
|
|a Includes bibliographical references (p. 107-108) and index.
|
| 505 |
8 |
|
|a Machine generated contents note: WHAT IS LEADERSHIP? -- THE VARIOUS TYPES OF CHIEFS -- GENDER DIFFERENCES: Equal, but -- STARTING: The Different Approaches and the Entrance Speech -- THE DIFFERENCES BETWEEN ACADEMIC -- AND BUSINESS CHIEFS -- HOW TO DRESS WHEN YOU START -- HOW TO DRESS ONCE YOU ARE ESTABLISHED -- HOW TO USE YOUR OFFICE AS A THEATER OF OPERATIONS -- HOW TO BUDGET YOUR TIME -- GAINING RESPECT -- GAINING LOYALTY -- HOW TO TREAT CLOSE ASSOCIATES -- HOW TO TREAT EQUALS -- HOW TO TREAT SUBORDINATES -- TREATING ADVERSITY -- HOW TO RECRUIT AND PROMOTE TALENT -- HOW TO LET YOUR ASSOCIATES GO -- ENTERTAINING -- HAVING A NEW CHIEF -- RECRUITING -- PROMOTION TO THE NEXT STEP OF CHIEF -- SURVIVING AWAY FROM THE JOB -- SAYING GOODBYE -- EPILOGUE: Surviving and enjoying -- retirement.
|
| 533 |
|
|
|a Electronic reproduction. Ann Arbor, MI : ProQuest, 2015. Available via World Wide Web. Access may be limited to ProQuest affiliated libraries.
|
| 650 |
|
0 |
|a Business etiquette.
|
| 650 |
|
0 |
|a Office politics.
|
| 650 |
|
0 |
|a Leadership.
|
| 650 |
|
0 |
|a Management.
|
| 655 |
|
4 |
|a Electronic books.
|
| 710 |
2 |
|
|a ProQuest (Firm)
|
| 856 |
4 |
0 |
|u https://ebookcentral.proquest.com/lib/matrademy/detail.action?docID=294000
|z Click to View
|